Zabrze Janoscha
| Titel: | Zabrze Janoscha = Janoschs Zabrze : Prace fotograficzne ucziniów Ogolnokształçej Szkoły Sztuk Piȩknych w Zabrzu : Fotoarbeiten von Schülern des Kunstgymnasiums in Zabrze (Hindenburg) / [Wydawca / Herausgeber: Ogolnokształçej Szkoły Sztuk Piȩknych (Kunstgymnasium) w Zabrzu. Oberschlesisches Landesmuseum (Muzeum Górnego Sła̧ska) in Ratingen |
|---|---|
| Beteiligt: | ; |
| Körperschaft: |
|
| Veröffentlicht: |
Ratingen : Oberschlesisches Landesmuseum, 2005 Zabrze : Ogolnokształçej Szkoły Sztuk Piȩknych, 2005 |
| Umfang: | 57 Seiten : Illustrationen |
| Format: | Buch |
| Sprache: | Deutsch; Polnisch |
| ISBN: | 8388427334 |
alg: 39544753 001A $01999:12-11-16 001B $01999:30-05-21 $t14:41:26.000 001D $01999:12-11-16 001U $0utf8 001X $00 002@ $0Aax 002C $aText $btxt $2rdacontent 002D $aohne Hilfsmittel zu benutzen $bn $2rdamedia 002E $aBand $bnc $2rdacarrier 003@ $0395447534 003O $069465437 $aOCoLC 004A $083-88427-33-4 007A $0395447534 $aHEB 007T $0Herdc0104255m 010@ $ager $apol 010E $erda 011@ $a2005 013D $RKatalog $#Exhibition catalogs $#Expositions $#Cataloghi di esposizioni $74135467-9 $8Ausstellungskatalog [Ts1] $9085499846 $y2005 $zZabrze 021A $aZabrze Janoscha $dPrace fotograficzne ucziniów Ogolnokształçej Szkoły Sztuk Piȩknych w Zabrzu : Fotoarbeiten von Schülern des Kunstgymnasiums in Zabrze (Hindenburg) $fJanoschs Zabrze $h[Wydawca / Herausgeber: Ogolnokształçej Szkoły Sztuk Piȩknych (Kunstgymnasium) w Zabrzu. Oberschlesisches Landesmuseum (Muzeum Górnego Sła̧ska) in Ratingen 028C $BMitwirkender $4ctb $7 $8Mrass, Peter [Tnu] $9185062954 028C $BMitwirkender $4ctb $7128980052 $8Muschalik, Piotr$Z1964- [Tp1] $9121032140 029F $BHerausgebendes Organ $#Kunstgymnasium Zabrze $4isb $716030537-8 $8Ogólnokształca̜ca Szkoła Sztuk Pie̜knych$gZabrze [Tb1] $9217871429 029F $BHerausgebendes Organ $RMuzeum w Gliwicach $#Museum Gleiwitz Oberschlesien $4isb $7113340-8 $8Oberschlesisches Museum Gleiwitz [Tb1] $9040647323 033A $pRatingen $nOberschlesisches Landesmuseum 033A $pZabrze $nOgolnokształçej Szkoły Sztuk Piȩknych 034D $a57 Seiten 034M $aIllustrationen 044K $RDorotheendorf $RHindenburg $#Zaborze $#Hindenburg Oberschlesien $74089236-0 $8Zabrze [Tg1] $9085251097 044K $#Janosch $#Gianos $#Janoš $#Janošs $#Jānoshu $#Yān'aj $#Yānoshu $#Yanozu $#Yaruoshi $#Yanoš $#Ya nuo shi $#Yanuoshi $#Ya no swi $#Yanoswi $#Eckert, Horst $#Yanosh $#Janaš $#Janosch-Rose, ... $#ינוש $#亞諾士 $#雅诺什 $#ヤノッシュ $7118556940 $8$PJanosch$Z1931- [Tp1] $9086897977 045F $a929.094385 $eDDC23BSB 045F/01 $a929 045F/03 $g4385 lok: 39544753 24 exp: 39544753 24 1 #EPN 201B/01 $015-11-17 $t11:53:17.000 201C/01 $015-11-17 201U/01 $0utf8 203@/01 $01011645513 208@/01 $a15-11-17 $bz 209A/01 $a17.06904 $du $f050 $h17 06904 $x00 209C/01 $a17.06904 T $h17 06904 T 209G/01 $a73968097 $x00 220C/01 $ahae 247C/01 $8358050-7Marburg, Bibliothek des Herder-Instituts Marburg $9102600961 lok: 39544753 78 exp: 39544753 78 1 #EPN 201B/01 $002-10-18 $t22:59:06.000 201U/01 $0utf8 203@/01 $0792002563 208@/01 $a12-11-16 $be 209A/01 $a/ $f000 $x00 220C/01 $aTitelaufnehmer: pg 220C/01 $aHerkunft: HI Marburg 220C/01 $aAnmerkung: *NG 244Z/01 $2Trx $#Silesia $#Śląsk $#Sliezsko $#Slezsko $8--Trx--Schlesien $x01 $9391173987 244Z/01 $#Zaborze $#Hindenburg Oberschlesien $74089236-0 $8--Tg1--Zabrze $x02 $9085251097 244Z/01 $aGeschichte 1931-2005 $x03 244Z/01 $#Janosch $#Gianos $#Janoš $#Janošs $#Jānoshu $#Yān'aj $#Yānoshu $#Yanozu $#Yaruoshi $#Yanoš $#Ya nuo shi $#Yanuoshi $#Ya no swi $#Yanoswi $#Eckert, Horst $#Yanosh $#Janaš $#Janosch-Rose, ... $#ינוש $#亞諾士 $#雅诺什 $#ヤノッシュ $7118556940 $8--Tp1--$PJanosch$Z1931- $x04 $9086897977 244Z/01 $2Trx $#kirjanikud $#rašytojai $#writers $#írók $#pisarze $#spisovatelia $#spisovatelé $8--Trx--Schriftsteller $x05 $9391382659 244Z/01 $2Trx $8--Trx--Monographie $x06 $9391384546 244Z/01 $2Trx $#kataloogid muuseumid ja kogud $#katalogai muziejai ir kolekcijos $#Catalogs museums and collections $#múzeumi katalógusok $#katalogi muzeów i zbiorów $#katalógy múzeí a zbierok $#katalogy muzeí a sbírek $8--Trx--Kataloge$gMuseen und Sammlungen $x07 $939136491X 244Z/01 $2Trx $#kataloogid näitused $#parodų katalogai $#Catalogs exhibitions $#katalógusok kiállítások $#katalogi wystaw $#katalógy výstavy $#katalogy výstavy $#Ausstellungskataloge $#Catalogues $8--Trx--Kataloge$gAusstellungen $x08 $9391371703 245Z/01 $a12.03 $x01 247C/01 $82080>Marburg/Lahn, Herder-Institut, Forschungsbibliothek, Bibliographieportal $9336309341
| LEADER | 00000cam a22000002c 4500 | ||
|---|---|---|---|
| 001 | 395447534 | ||
| 003 | DE-603 | ||
| 005 | 20210530144126.0 | ||
| 007 | tu | ||
| 008 | 161112s2005 xx |||| | u00||u|ger c | ||
| 020 | |a 8388427334 | ||
| 035 | |a (DE-599)HEB395447534 | ||
| 035 | |a (OCoLC)69465437 | ||
| 040 | |a DE-603 |b ger |c DE-603 |d DE-603 |e rda | ||
| 041 | |a ger |a pol | ||
| 082 | 0 | 4 | |8 1\u |a 929.094385 |q DE-101 |2 23/BSB |
| 085 | |8 1\u |b 929 | ||
| 085 | |8 1\u |z 2 |s 4385 | ||
| 245 | 0 | 0 | |a Zabrze Janoscha |b = Janoschs Zabrze : Prace fotograficzne ucziniów Ogolnokształçej Szkoły Sztuk Piȩknych w Zabrzu : Fotoarbeiten von Schülern des Kunstgymnasiums in Zabrze (Hindenburg) |c [Wydawca / Herausgeber: Ogolnokształçej Szkoły Sztuk Piȩknych (Kunstgymnasium) w Zabrzu. Oberschlesisches Landesmuseum (Muzeum Górnego Sła̧ska) in Ratingen |
| 264 | 1 | |a Ratingen |b Oberschlesisches Landesmuseum |c 2005 | |
| 264 | 1 | |a Zabrze |b Ogolnokształçej Szkoły Sztuk Piȩknych |c 2005 | |
| 300 | |a 57 Seiten |b Illustrationen | ||
| 336 | |a Text |b txt |2 rdacontent | ||
| 337 | |a ohne Hilfsmittel zu benutzen |b n |2 rdamedia | ||
| 338 | |a Band |b nc |2 rdacarrier | ||
| 600 | 0 | 7 | |a Janosch |d 1931- |0 (DE-588)118556940 |0 (DE-603)086897977 |2 gnd |
| 651 | 7 | |a Zabrze |0 (DE-588)4089236-0 |0 (DE-603)085251097 |2 gnd | |
| 655 | 7 | |a Ausstellungskatalog |y 2005 |z Zabrze |2 gnd-content |0 (DE-588)4135467-9 |0 (DE-603)085499846 | |
| 700 | 1 | |a Mrass, Peter |e Mitwirkender |4 ctb |0 (DE-603)185062954 | |
| 700 | 1 | |a Muschalik, Piotr |d 1964- |e Mitwirkender |4 ctb |0 (DE-603)121032140 |0 (DE-588)128980052 |2 gnd | |
| 710 | 2 | |a Ogólnokształca̜ca Szkoła Sztuk Pie̜knych |g Zabrze |e Herausgebendes Organ |4 isb |0 (DE-603)217871429 |0 (DE-588)16030537-8 |2 gnd | |
| 710 | 2 | |a Oberschlesisches Museum Gleiwitz |e Herausgebendes Organ |4 isb |0 (DE-603)040647323 |0 (DE-588)113340-8 |2 gnd | |
| 924 | 0 | |9 Mb 50 |a (DE-603)1011645513 |b DE-Mb50 |c HES |d c |g 17.06904 | |
| 924 | 0 | |9 2080 |a (DE-603)792002563 |b DE-2080 |c HES |d d |g / | |


